000 00756nam a2200229Ii 4500
003 JO-AjNU
008 230605s9999||||xx |||||||||||||| ||und||
017 _a2018/8/4238
020 _a978-9957-22-797-2
040 _aJO-AjNU
_bara
_erda
_cJO-AjNU
041 _aara
050 1 4 _aN7433.95 2019
100 3 _aكريبع، نسيمة,
_eauthor
_958531
245 0 0 _aالتداخل الفني بين الأدب والفنون
250 _aط1
264 3 1 _aعمان: دار أسامة للنشر والتوزيع، 2019
300 _a160ص
336 _atext
_btxt
_2rdacontent
337 _aunmediated
_bn
_2rdamedia
338 _avolume
_bnc
_2rdacarrier
650 4 _aالأدب العربي - فنون جميلة - العصر الحديث
_958532
999 _aA26289
_c29857
_d29857